B2 first practice tests : (Registro nro. 22125)

Detalles MARC
000 -Cabecera
Campo de control interno 00960nam a22002657a 4500
005 - Fecha y hora del registro
control field 20260331114121.0
008 - Elementos de Longitud Fija
fixed length control field 260324b |||||||| |||| 00| 0 spa d
020 ## - ISBN
ISBN 9798338027486
041 ## - Idioma
Codigo Idioma Inglés
082 ## - DEWEY y NOTACIÓN INTERNA
Dewey 421.071
Notación Interna P87
100 ## - AUTOR
Autor denominación Proctor, Klaid
Término de relación autor
245 ## - TÍTULO DE MATERIAL BIBLIOGRÁFICO
Título B2 first practice tests :
Título paralelo use of english part 2 open cloze, with key
250 ## - EDICIÓN
Edición First edition
260 ## - CIUDAD, EDITORIAL, AÑO
Ciudad [Lugar de publicación no identificado] :
Nombre de la Editorial [Editor no identificado],
Año 2026
300 ## - DESCRIPCIÓN
N° Páginas 127 páginas :
Otros detalles cuadros, tablas ;
Dimensiones 25 cm.
440 ## - MENCIÓN DE SERIE
Título de la Serie ;
505 ## - TABLA DE CONTENIDO
Tabla de Contenido En la cubierta: Master use of english part 2. -- 50 tests open cloze
650 ## - TEMAS
Temas Lenguas
653 ## - DESCRIPTORES
Lenguajes no controlado Inglés - Enseñanza y estudio; Exámenes de inglés - Nivel B2
654 ## - PROGRAMAS
Programa Dpto. de Humanidades
700 ## - OTROS AUTORES
Otros autores ;
856 ## - URL - UBICACIÓN
URI/URL: Enlace exacto del recurso <a href="https://0u20fu1oj-y-https-research-ebsco-com.itmsp.museknowledge.com/c/qxo6us/search">https://0u20fu1oj-y-https-research-ebsco-com.itmsp.museknowledge.com/c/qxo6us/search</a>
Nota pública: Versión digital <a href="Véase además: Base de datos EBSCOhost">Véase además: Base de datos EBSCOhost</a>
942 ## - ELEMENTOS DE KOHA
Tipo de documento Libro
Nombre del creador Justo Noguera
Código de catalogador Margarita Torres
Suppress in OPAC No
Esquema de clasificación Dewey Decimal Classification
Existencias
Codigo completo Registro Colección Copia número Disponibilidad Tipo de préstamo Biblioteca Actual Procedencia (Biblioteca) Ubicacón Fecha Ingreso Tipo de Adquisición Observación Date last seen Total checkouts Price effective from Tipo de Item Estado del Material Fuente de Clasificación Damaged status Withdrawn status
421.071 P87 1088216 Universidad Católica San Pablo 1 No disponible Restringido Víctor Andrés Belaunde Víctor Andrés Belaunde Idiomas - Salaverry 24/03/2026 Compra Idiomas UCSP 24/03/2026   24/03/2026 Libro Bueno Dewey Decimal Classification   Withdrawn